00370pab a2200133 454500008004000000100002200040245007800062260000900140300001500149362001100164650001300175650001400188773003400202180718b2017 xxu||||| |||| 00| 0 eng d aBanerjee, Sumanta aFrom Naxalbari to Chhattisgarh: half-a-century of Maoist journey in India c2017 ap.43-47.  a27 May aNaxalism aTerrorism aEconomic and Political Weekly